[Event "Titled Tue 1st Jul Early"]
[Site "chess.com INT"]
[Date "2025.07.01"]
[Round "5"]
[White "Niraj, Saripalli"]
[Black "Arakelyan, Manvel"]
[Result "0-1"]
[WhiteTitle "CM"]
[BlackTitle "FM"]
[WhiteElo "2115"]
[BlackElo "2326"]
[WhiteFideId "5045657"]
[BlackFideId "13317415"]
[EventDate "2025.07.01"]

1. d4 e6 2. e4 d5 3. Bd3 c5 4. exd5 Qxd5 5. Nc3 Qd8 6. Bf4 Nf6 7. Nf3 Nc6 8.
dxc5 Bxc5 9. Qe2 O-O 10. O-O-O Qa5 11. a3 Bxa3 12. Ne4 Be7 13. Nxf6+ Bxf6 14. c3
e5 15. Bg5 e4 16. Bxf6 exd3 17. Rxd3 gxf6 18. Nd2 Bf5 19. Rg3+ Kh8 20. Nb3 Qa2 0-1

[Event "Titled Tue 1st Jul Early"]
[Site "chess.com INT"]
[Date "2025.07.01"]
[Round "5"]
[White "Jandric, Damjan"]
[Black "Jaiswal, Rupesh"]
[Result "0-1"]
[WhiteTitle "CM"]
[BlackTitle "FM"]
[WhiteElo "2179"]
[BlackElo "2064"]
[WhiteFideId "921475"]
[BlackFideId "12300870"]
[EventDate "2025.07.01"]

1. Nf3 Nf6 2. g3 g6 3. Bg2 Bg7 4. O-O O-O 5. d4 d6 6. c4 c5 7. Nc3 Nc6 8. d5 Na5
9. Nd2 a6 10. a4 e6 11. e4 exd5 12. exd5 Bf5 13. Re1 Qd7 14. b3 Rae8 15. Bb2
Rxe1+ 16. Qxe1 Bc2 17. Ra3 Re8 18. Qc1 Bd3 19. Bf1 Qf5 20. Bxd3 Qxd3 21. Ra1 Ng4
22. Nf1 Bd4 0-1

[Event "Titled Tue 1st Jul Early"]
[Site "chess.com INT"]
[Date "2025.07.01"]
[Round "5"]
[White "Ryabukhin, Roman"]
[Black "Chiappero, Julio Alfredo"]
[Result "1-0"]
[WhiteTitle "CM"]
[BlackTitle "FM"]
[WhiteElo "2236"]
[BlackElo "2238"]
[WhiteFideId "24257893"]
[BlackFideId "139998"]
[EventDate "2025.07.01"]

1. d4 Nf6 2. Nc3 d5 3. Bf4 a6 4. e3 e6 5. g4 c5 6. g5 Nfd7 7. Qg4 Nc6 8. O-O-O
b5 9. Qg3 b4 10. Bc7 Qe7 11. Nxd5 exd5 12. Bg2 Qe6 13. e4 Nxd4 14. exd5 Qg6 15.
Rxd4 cxd4 16. d6 Ra7 17. Nf3 Nc5 18. Ne5 Qf5 19. Bc6+ Bd7 20. Nxd7 Nxd7 21. Re1+ 1-0

[Event "Titled Tue 1st Jul Early"]
[Site "chess.com INT"]
[Date "2025.07.01"]
[Round "5"]
[White "Klukin, Kirill"]
[Black "Laptii, Nazar"]
[Result "1-0"]
[WhiteTitle "IM"]
[BlackTitle "FM"]
[WhiteElo "2401"]
[BlackElo "2208"]
[WhiteFideId "24199273"]
[BlackFideId "14174332"]
[EventDate "2025.07.01"]

1. d4 Nf6 2. Nf3 g6 3. e3 Bg7 4. Be2 O-O 5. O-O d6 6. c4 Nbd7 7. Nc3 e5 8. Qc2
Re8 9. b4 e4 10. Nd2 Qe7 11. Bb2 Nf8 12. Rfc1 h5 13. Nd5 Nxd5 14. cxd5 Bg4 15.
Bxg4 hxg4 16. Qxc7 Qf6 17. Qxb7 Nh7 18. Nxe4 Qd8 19. Ng3 Ng5 20. Rc6 Bf8 21.
Rac1 Qf6 22. Rc8 Raxc8 23. Rxc8 Rxc8 24. Qxc8 Qe7 25. Qxg4 f5 26. Qe2 Qc7 27. h4
Nh7 28. h5 Nf6 29. hxg6 f4 30. exf4 1-0

[Event "Titled Tue 1st Jul Early"]
[Site "chess.com INT"]
[Date "2025.07.01"]
[Round "5"]
[White "Gabrielian, Artur"]
[Black "Vasilenok, Anton"]
[Result "1-0"]
[WhiteTitle "GM"]
[BlackTitle "CM"]
[WhiteElo "2407"]
[BlackElo "2137"]
[WhiteFideId "4131002"]
[BlackFideId "34133124"]
[EventDate "2025.07.01"]

1. Nf3 g6 2. g3 Bg7 3. d4 Nf6 4. Bg2 d5 5. O-O O-O 6. c4 c6 7. a4 dxc4 8. Na3
Na6 9. Nxc4 Nb4 10. b3 Bf5 11. Bb2 a5 12. Ne1 Qd7 13. Ne5 Qe6 14. N1d3 Nxd3 15.
Nxd3 Bh3 16. Nf4 Bxg2 17. Nxe6 Bxf1 18. Nxf8 Bh3 19. f3 Rxf8 20. e4 Rd8 21. Qe1
b6 22. Rc1 Bd7 23. Kg2 e6 24. Qe3 Rb8 25. Qf4 Rb7 26. d5 Nh5 27. Qd2 c5 28. Bxg7
Nxg7 29. g4 e5 30. Qg5 1-0

[Event "Titled Tue 1st Jul Early"]
[Site "chess.com INT"]
[Date "2025.07.01"]
[Round "5"]
[White "Rees, Ioan"]
[Black "Kim, Sergey"]
[Result "1-0"]
[WhiteTitle "FM"]
[BlackTitle "FM"]
[WhiteElo "2280"]
[BlackElo "2295"]
[WhiteFideId "1801236"]
[BlackFideId "13700570"]
[EventDate "2025.07.01"]

1. Nf3 Nf6 2. g3 g6 3. b3 Bg7 4. Bb2 d6 5. d4 O-O 6. Bg2 e5 7. dxe5 Nfd7 8. O-O
dxe5 9. Qd2 e4 10. Bxg7 exf3 11. Bb2 fxg2 12. Rd1 Qe7 13. Nc3 c6 14. Qd4 Qe5 15.
Qh4 Qf6 16. Qh6 Ne5 17. Ne4 Nf3+ 18. exf3 Qxb2 19. c3 f6 20. Nxf6+ Rxf6 21. Rd8+
Kf7 22. Qf8+ Ke6 23. Re1+ Kf5 24. Qc5# 1-0

[Event "Titled Tue 1st Jul Early"]
[Site "chess.com INT"]
[Date "2025.07.01"]
[Round "5"]
[White "Sheehan, Ethan"]
[Black "Punin, Andrii"]
[Result "1-0"]
[BlackTitle "FM"]
[WhiteElo "2366"]
[BlackElo "2289"]
[WhiteFideId "30943965"]
[BlackFideId "14112639"]
[EventDate "2025.07.01"]

1. d4 Nf6 2. Nf3 e6 3. Bf4 b6 4. Nbd2 c5 5. e3 cxd4 6. exd4 Be7 7. Bd3 O-O 8.
O-O d6 9. Re1 Ba6 10. Bxa6 Nxa6 11. c3 Nc7 12. a4 Ncd5 13. Bg3 a6 14. Qe2 Qc7
15. Ng5 Rfe8 16. Qd3 Bf8 17. Nde4 Nxe4 18. Qxe4 g6 19. Qf3 b5 20. h4 h5 21. axb5
axb5 22. Rxa8 Rxa8 23. Nxe6 fxe6 24. Rxe6 Ra1+ 25. Kh2 Ne7 26. Bxd6 Qd7 27. Bxe7
Qc7+ 28. g3 Bxe7 29. Rxg6+ Kh8 30. Qxh5# 1-0

[Event "Titled Tue 1st Jul Early"]
[Site "chess.com INT"]
[Date "2025.07.01"]
[Round "5"]
[White "Gajic, Mladen"]
[Black "Palomo, Franklin Annervys"]
[Result "1/2-1/2"]
[WhiteTitle "FM"]
[BlackTitle "FM"]
[WhiteElo "2246"]
[BlackElo "2243"]
[WhiteFideId "1709178"]
[BlackFideId "3906965"]
[EventDate "2025.07.01"]

1. e4 c5 2. c3 e6 3. d4 d5 4. exd5 Qxd5 5. Nf3 Nf6 6. Na3 cxd4 7. Nb5 Qd8 8.
Qxd4 Bd7 9. Bf4 Bxb5 10. Bxb5+ Nbd7 11. O-O-O a6 12. Bxd7+ Qxd7 13. Qxd7+ Nxd7
14. Ne5 Nxe5 15. Bxe5 f6 16. Bd6 Bxd6 17. Rxd6 Ke7 18. Rhd1 Rhd8 19. Rxd8 Rxd8
20. Rxd8 Kxd8 21. Kd2 Kd7 22. Kd3 Kd6 23. Kd4 e5+ 24. Ke4 Ke6 25. g4 g6 26. f3
h5 27. gxh5 f5+ 28. Ke3 gxh5 29. c4 a5 30. b3 Kd6 31. f4 e4 32. Kd4 b6 33. h4
Kc6 34. a3 Kd6 35. b4 axb4 36. axb4 Kc6 37. Ke3 Kd6 38. Kd4 Ke6 39. Ke3 Kd6 40.
Kd4 1/2-1/2

[Event "Titled Tue 1st Jul Early"]
[Site "chess.com INT"]
[Date "2025.07.01"]
[Round "5"]
[White "Nugumanov, Bakhtiyar"]
[Black "Milare, Tyron"]
[Result "1-0"]
[WhiteTitle "IM"]
[BlackTitle "FM"]
[WhiteElo "2305"]
[BlackElo "2217"]
[WhiteFideId "13701797"]
[BlackFideId "12987018"]
[EventDate "2025.07.01"]

1. e4 c5 2. Nf3 g6 3. c3 Bg7 4. e5 d6 5. exd6 Qxd6 6. d4 cxd4 7. Nxd4 Nc6 8. Nb5
Qxd1+ 9. Kxd1 Bg4+ 10. f3 O-O-O+ 11. Nd2 Bf5 12. g4 Bd3 13. Bxd3 Rxd3 14. Ke2
Rd5 15. Na3 h5 16. Ne4 hxg4 17. fxg4 Re5 18. Kf3 Rh3+ 19. Ng3 Nf6 20. Bf4 Rd5
21. Rad1 e5 22. Bc1 Rxd1 23. Rxd1 Rxh2 24. g5 Nd7 25. Ne4 Bf8 26. Nb5 Rh7 27.
Kg4 a6 28. Nbd6+ Bxd6 29. Nxd6+ Kc7 30. Ne8+ Kc8 31. Rxd7 Rh1 32. Rxf7 Rxc1 33.
Nd6+ Kb8 34. Rxb7+ Ka8 35. Rb6 Rg1+ 36. Kf3 Nd8 37. Rxa6+ Kb8 38. Ne4 Rf1+ 39.
Ke2 Rb1 40. b3 Kb7 41. Rxg6 Rb2+ 42. Kd3 Rxa2 43. Nc5+ Kc7 44. Ne6+ Kd7 45. Nxd8
Kxd8 46. Re6 Rb2 47. b4 e4+ 48. Rxe4 Rg2 49. Re5 1-0

[Event "Titled Tue 1st Jul Early"]
[Site "chess.com INT"]
[Date "2025.07.01"]
[Round "5"]
[White "Novikova, Anna"]
[Black "Fikiet, Alex"]
[Result "0-1"]
[WhiteTitle "WIM"]
[WhiteElo "2179"]
[BlackElo "2151"]
[WhiteFideId "4146794"]
[BlackFideId "2052717"]
[EventDate "2025.07.01"]

1. e4 c5 2. Nf3 d6 3. d4 cxd4 4. Nxd4 Nf6 5. Nc3 Nc6 6. Bg5 e6 7. Qd2 a6 8.
O-O-O Bd7 9. f4 Be7 10. h3 Qc7 11. g4 h6 12. Bh4 Nxe4 13. Nxe4 Bxh4 14. Nxc6
Bxc6 15. Nxd6+ Ke7 16. Qb4 Kd7 17. Nb5+ Kc8 18. Nxc7 Kxc7 19. Qe7+ Bxe7 20. Rg1
Rad8 0-1

[Event "Titled Tue 1st Jul Early"]
[Site "chess.com INT"]
[Date "2025.07.01"]
[Round "5"]
[White "Garcia Correa, Jose Ricardo"]
[Black "Vifleemskaia, Svetlana"]
[Result "1-0"]
[WhiteTitle "FM"]
[BlackTitle "WFM"]
[WhiteElo "2103"]
[BlackElo "1942"]
[WhiteFideId "5101832"]
[BlackFideId "4129490"]
[EventDate "2025.07.01"]

1. e4 e5 2. Nf3 Nc6 3. Bb5 a6 4. Ba4 Nf6 5. O-O Be7 6. Re1 b5 7. Bb3 d6 8. c3
O-O 9. h3 Nd7 10. d4 Bf6 11. Bd5 Bb7 12. Bxc6 Bxc6 13. d5 Bb7 14. a4 Qe7 15. Na3
c6 16. dxc6 Bxc6 17. axb5 axb5 18. Nc2 Rxa1 19. Nxa1 Nb6 20. Nc2 d5 21. Nb4 dxe4
22. Nxc6 Qc7 23. Ncxe5 Bxe5 24. Rxe4 Bf6 25. Bf4 Qc6 26. Qe2 h6 27. Nd4 Bxd4 28.
Rxd4 Nd5 29. Bg3 Rc8 30. Qe4 Nf6 31. Rd8+ Ne8 32. Qxc6 1-0

[Event "Titled Tue 1st Jul Early"]
[Site "chess.com INT"]
[Date "2025.07.01"]
[Round "5"]
[White "Feng, Eric"]
[Black "Aarav Sinha"]
[Result "0-1"]
[BlackTitle "FM"]
[WhiteElo "2194"]
[BlackElo "2224"]
[WhiteFideId "30952590"]
[BlackFideId "25674064"]
[EventDate "2025.07.01"]

1. d4 Nf6 2. c4 e6 3. Nf3 d5 4. g3 dxc4 5. Bg2 c5 6. O-O Nc6 7. Qa4 Bd7 8. dxc5
Na5 9. Qc2 Bxc5 10. Bd2 O-O 11. b4 cxb3 12. axb3 Bb6 13. Nc3 Rc8 14. Qb2 Nc6 15.
Nb5 Qe7 16. Bf4 e5 17. Bg5 a6 18. Nc3 Be6 19. Ne4 Nd4 20. Nxf6+ gxf6 21. Bh6
Rfd8 22. Nh4 Rc2 23. Qb1 Nxe2+ 24. Kh1 Rdd2 25. Bxd2 Rxd2 26. Nf5 Qd7 27. Be4
Nc3 28. Nh6+ Kg7 29. Nf5+ Bxf5 30. Bxf5 Qd5+ 31. Be4 Nxe4 32. Kg1 Bxf2+ 33. Rxf2
Nxf2 0-1

[Event "Titled Tue 1st Jul Early"]
[Site "chess.com INT"]
[Date "2025.07.01"]
[Round "5"]
[White "Chan, Yi Ren Daniel"]
[Black "Motola, Jacopo"]
[Result "1-0"]
[WhiteTitle "FM"]
[BlackTitle "FM"]
[WhiteElo "2309"]
[BlackElo "2333"]
[WhiteFideId "5801583"]
[BlackFideId "863190"]
[EventDate "2025.07.01"]

1. e4 e5 2. Qf3 Nc6 3. Bc4 Nf6 4. c3 d6 5. h3 Be7 6. Ne2 O-O 7. d3 Be6 8. Bb5 a6
9. Ba4 b5 10. Bc2 d5 11. Nd2 b4 12. g4 bxc3 13. bxc3 dxe4 14. dxe4 Nd7 15. Ng3
Nc5 16. O-O Na5 17. Nf5 Bxf5 18. exf5 Rb8 19. Rd1 Qe8 20. f6 Bxf6 21. Qf5 e4 22.
Qxc5 Rb5 23. Qe3 Qe7 24. Nxe4 Nc4 25. Qd3 g6 26. Nxf6+ Qxf6 27. Qxc4 Re5 28. Bf4
Re6 29. Qd4 Qe7 30. Bh6 1-0

[Event "Titled Tue 1st Jul Early"]
[Site "chess.com INT"]
[Date "2025.07.01"]
[Round "5"]
[White "Berg, Vadim Daskevich"]
[Black "Boramanikar, Tanisha S"]
[Result "1-0"]
[WhiteTitle "IM"]
[BlackTitle "WCM"]
[WhiteElo "2445"]
[BlackElo "1743"]
[WhiteFideId "11601965"]
[BlackFideId "35023454"]
[EventDate "2025.07.01"]

1. e4 c5 2. Nf3 Nc6 3. Bb5 d6 4. d4 cxd4 5. Qxd4 Bd7 6. Bxc6 Bxc6 7. Nc3 Nf6 8.
Bg5 e5 9. Qd3 Qb6 10. Bxf6 gxf6 11. O-O Rd8 12. Nd5 Bxd5 13. Qxd5 Qxb2 14. Rab1
Qa3 15. Rxb7 Be7 16. Nh4 Qc5 17. Nf5 Rd7 18. Rxd7 Kxd7 19. Qb7+ Qc7 20. Qxc7+
Kxc7 21. Nxe7 Rb8 22. Nd5+ Kc6 23. Nxf6 Rb2 24. Nxh7 Rxa2 25. h4 a5 26. h5 a4
27. h6 Rxc2 28. Nf6 1-0

[Event "Titled Tue 1st Jul Early"]
[Site "chess.com INT"]
[Date "2025.07.01"]
[Round "5"]
[White "Garde, Guillaume"]
[Black "Shogdzhiev, Roman"]
[Result "0-1"]
[WhiteTitle "CM"]
[BlackTitle "FM"]
[WhiteElo "2196"]
[BlackElo "2411"]
[WhiteFideId "45138273"]
[BlackFideId "55653537"]
[EventDate "2025.07.01"]

1. d4 Nf6 2. Nf3 e6 3. Nbd2 d5 4. e3 Nbd7 5. b3 c5 6. Bb2 Be7 7. Bd3 O-O 8. O-O
b6 9. Ne5 Bb7 10. f4 Ne4 11. Nxe4 dxe4 12. Bb5 Nf6 13. Kh1 Qc7 14. Qe1 cxd4 15.
Bxd4 Bc5 16. c3 Bxd4 17. cxd4 Rac8 18. Rc1 Qe7 19. Qd2 Nd5 20. Rxc8 Rxc8 21. Rc1
f6 22. Ng4 Kf7 23. Kg1 Qb4 24. Qd1 Rxc1 25. Qxc1 Qxb5 26. Kf2 h5 27. f5 exf5 28.
Ne5+ fxe5 29. dxe5 Qc5 30. Qd2 f4 31. Qe1 Qxe3+ 0-1

[Event "Titled Tue 1st Jul Early"]
[Site "chess.com INT"]
[Date "2025.07.01"]
[Round "5"]
[White "Storey, Charles H"]
[Black "Kiremitciyan, Ari"]
[Result "0-1"]
[WhiteTitle "FM"]
[BlackTitle "FM"]
[WhiteElo "2102"]
[BlackElo "2271"]
[WhiteFideId "406686"]
[BlackFideId "6373445"]
[EventDate "2025.07.01"]

1. e4 c6 2. Nc3 d5 3. Nf3 dxe4 4. Nxe4 Nf6 5. Qe2 Nxe4 6. Qxe4 Be6 7. Bc4 Bxc4
8. Qxc4 Qd5 9. Qxd5 cxd5 10. d4 Nc6 11. c3 e6 12. Bf4 Kd7 13. Kd2 h6 14. Rhe1
Be7 15. Kd3 b5 16. b4 a5 17. bxa5 Rxa5 18. Reb1 Rha8 19. Rb2 g5 20. Ne5+ Nxe5+
21. Bxe5 Kc6 22. Bg3 Ra3 23. Kd2 R8a4 24. h3 Rc4 25. Rc2 Bf6 26. f3 b4 27. cxb4
Bxd4 28. Rac1 Be3+ 29. Kd1 Bxc1 30. Kxc1 Rxc2+ 31. Kxc2 Rxa2+ 0-1

[Event "Titled Tue 1st Jul Early"]
[Site "chess.com INT"]
[Date "2025.07.01"]
[Round "5"]
[White "Zakin, Ilay"]
[Black "Teterev, Vitaly"]
[Result "0-1"]
[WhiteTitle "FM"]
[BlackTitle "GM"]
[WhiteElo "2300"]
[BlackElo "2248"]
[WhiteFideId "2848279"]
[BlackFideId "13501429"]
[EventDate "2025.07.01"]

1. e4 c6 2. d4 d5 3. exd5 cxd5 4. Bd3 Nc6 5. h3 e6 6. c3 Bd6 7. Nf3 Nge7 8. O-O
Qc7 9. Re1 Bd7 10. Nbd2 f6 11. Nf1 O-O 12. Qc2 f5 13. a4 Rac8 14. Qe2 Ng6 15. h4
Rce8 16. h5 Nf4 17. Bxf4 Bxf4 18. Ne5 Nxe5 19. dxe5 Rc8 20. g3 Bg5 21. f4 Be7
22. Nh2 Bc5+ 23. Kg2 d4 24. Rac1 Bxa4 25. cxd4 Bc6+ 26. Kh3 Bxd4 27. b4 Qb6 28.
Bc4 Be4 29. Nf3 Bf2 30. Ng5 Rxc4 31. Qxc4 Bd5 32. Qc3 Bxe1 33. Qxe1 h6 34. Kh4
hxg5+ 35. Kxg5 Qd8+ 36. Kg6 Rf6+ 37. exf6 Qxf6# 0-1

[Event "Titled Tue 1st Jul Early"]
[Site "chess.com INT"]
[Date "2025.07.01"]
[Round "5"]
[White "Zeliantsova, Kseniya"]
[Black "Iljin, Timofey"]
[Result "0-1"]
[WhiteTitle "WFM"]
[BlackTitle "IM"]
[WhiteElo "2062"]
[BlackElo "2242"]
[WhiteFideId "13512617"]
[BlackFideId "14110180"]
[EventDate "2025.07.01"]

1. e4 e6 2. d4 d5 3. Nc3 Nc6 4. e5 f6 5. exf6 Nxf6 6. Nf3 Bd6 7. Bd3 O-O 8. O-O
Qe8 9. Re1 Qh5 10. Nb5 Bd7 11. Nxd6 cxd6 12. Bf4 Ne4 13. Bg3 Nxg3 14. fxg3 e5
15. dxe5 dxe5 16. Bb5 e4 17. Nd2 Qe5 18. c4 a6 19. Ba4 b5 20. cxd5 bxa4 21. dxc6
Bxc6 22. Rc1 Bd5 23. Qxa4 e3 24. Nc4 Qd4 25. b3 e2+ 26. Kh1 Qf2 27. Rg1 Qxg2+
28. Rxg2 Rf1+ 29. Rxf1 exf1=Q# 0-1

[Event "Titled Tue 1st Jul Early"]
[Site "chess.com INT"]
[Date "2025.07.01"]
[Round "5"]
[White "Karvatskyi, Oleksii"]
[Black "Porozhnyak, Maya"]
[Result "1-0"]
[WhiteTitle "CM"]
[BlackTitle "WCM"]
[WhiteElo "2258"]
[BlackElo "1953"]
[WhiteFideId "14191059"]
[BlackFideId "34115843"]
[EventDate "2025.07.01"]

1. Nc3 c5 2. Nf3 e6 3. d4 cxd4 4. Nxd4 a6 5. e4 Qc7 6. Be3 Bb4 7. Qd3 Nf6 8. Be2
Bxc3+ 9. bxc3 Nxe4 10. O-O Nxc3 11. Bf3 O-O 12. Rfe1 d5 13. Bd2 Na4 14. Bb4 Nc5
15. Qa3 Nbd7 16. Rad1 a5 17. Bc3 Ne4 18. Bxe4 dxe4 19. Rxe4 Nf6 20. Nb5 Qc6 21.
Bxf6 Qxe4 22. Qxf8+ Kxf8 23. Rd8# 1-0

[Event "Titled Tue 1st Jul Early"]
[Site "chess.com INT"]
[Date "2025.07.01"]
[Round "5"]
[White "Belov, Alexei"]
[Black "Causo, Deniel"]
[Result "1-0"]
[WhiteTitle "IM"]
[BlackTitle "FM"]
[WhiteElo "2421"]
[BlackElo "2224"]
[WhiteFideId "4128206"]
[BlackFideId "5203660"]
[EventDate "2025.07.01"]

1. e4 d5 2. exd5 Nf6 3. d4 Bg4 4. Nf3 Qxd5 5. Be2 Nc6 6. Nc3 Qh5 7. h3 O-O-O 8.
O-O Nxd4 9. Nxd4 Bxe2 10. Ncxe2 e5 11. Be3 exd4 12. Nxd4 Qg6 13. Qf3 Nd5 14. c3
Nxe3 15. fxe3 Rd7 16. b4 Be7 17. Qxf7 Qxf7 18. Rxf7 Bg5 19. Rf3 Re8 20. Re1 g6
21. g3 Rd5 22. h4 Bh6 23. Kf2 c5 24. Nb3 cxb4 25. cxb4 Red8 26. e4 Re5 27. Rf7
Rd7 28. Rxd7 Kxd7 29. Rd1+ Ke7 30. Kf3 b6 31. Rd5 Re6 32. Nd4 Rf6+ 33. Ke2 Bg7
34. b5 Rf7 35. Nc6+ Ke6 36. Nd8+ 1-0

[Event "Titled Tue 1st Jul Early"]
[Site "chess.com INT"]
[Date "2025.07.01"]
[Round "5"]
[White "Przybylski, Bartosz"]
[Black "Li, Yilin"]
[Result "1-0"]
[WhiteTitle "CM"]
[BlackTitle "WFM"]
[WhiteElo "2062"]
[BlackElo "1922"]
[WhiteFideId "21878323"]
[BlackFideId "8610410"]
[EventDate "2025.07.01"]

1. Nf3 d5 2. d4 c6 3. Bf4 Nf6 4. c3 e6 5. e3 Bd6 6. Nbd2 O-O 7. Ne5 Qc7 8. Bd3
Nbd7 9. Ndf3 Ne4 10. Qc2 Ndf6 11. g4 c5 12. g5 c4 13. gxf6 cxd3 14. Qxd3 Nxf6
15. Rg1 g6 16. Bh6 Re8 17. Nxg6 fxg6 18. Rxg6+ Kh8 19. Rxf6 Qe7 20. Ng5 Bd7 21.
Rf7 Qxf7 22. Nxf7+ Kg8 23. Nxd6 1-0

[Event "Titled Tue 1st Jul Early"]
[Site "chess.com INT"]
[Date "2025.07.01"]
[Round "5"]
[White "Gulamirian, Korun"]
[Black "Nicot, Valentin"]
[Result "0-1"]
[WhiteTitle "CM"]
[BlackTitle "CM"]
[WhiteElo "1890"]
[BlackElo "2157"]
[WhiteFideId "4144899"]
[BlackFideId "651002477"]
[EventDate "2025.07.01"]

1. d4 Nf6 2. c4 e6 3. Nf3 Bb4+ 4. Bd2 Qe7 5. g3 O-O 6. Bg2 a5 7. O-O Bxd2 8.
Qxd2 d6 9. Nc3 e5 10. e4 Nc6 11. d5 Nb8 12. Rac1 Na6 13. a3 Nc5 14. Qc2 a4 15.
Nd2 Bd7 16. f4 Ng4 17. Rce1 exf4 18. gxf4 Rae8 19. h3 Nh6 20. e5 dxe5 21. fxe5
Qh4 22. Rf3 Qxe1+ 23. Kh2 Qxe5+ 24. Rg3 Nf5 25. Nf1 Nxg3 26. Nxg3 h5 27. h4 Qf4
28. Ne2 Qxh4+ 29. Kg1 Qg5 30. Kf2 h4 31. Nf1 Bf5 32. Qc3 Nd3+ 0-1

[Event "Titled Tue 1st Jul Early"]
[Site "chess.com INT"]
[Date "2025.07.01"]
[Round "5"]
[White "Burmakin, Evgeniy"]
[Black "Slovineanu, Viacheslav"]
[Result "1-0"]
[WhiteTitle "FM"]
[BlackTitle "IM"]
[WhiteElo "2110"]
[BlackElo "2412"]
[WhiteFideId "4163729"]
[BlackFideId "13900510"]
[EventDate "2025.07.01"]

1. e4 c6 2. Nc3 d5 3. Nf3 dxe4 4. Nxe4 Nf6 5. Qe2 Nxe4 6. Qxe4 Qd5 7. Qf4 Qf5 8.
Qe3 Qxc2 9. Bd3 Qa4 10. b3 Qb4 11. Bb2 Be6 12. O-O Nd7 13. Nd4 Bd5 14. Nf5 e6
15. Nxg7+ Bxg7 16. Bxg7 Rg8 17. Qg3 O-O-O 18. Bxh7 Nf6 19. Bxg8 Rxg8 20. f3 Nh5
21. Bc3 Qb6+ 22. Qf2 Nf4 23. Qxb6 Rxg2+ 24. Kh1 axb6 25. Be5 1-0

[Event "Titled Tue 1st Jul Early"]
[Site "chess.com INT"]
[Date "2025.07.01"]
[Round "5"]
[White "Preobrazhenskaya, Diana"]
[Black "Vincenti, Leonardo"]
[Result "1-0"]
[WhiteTitle "WFM"]
[BlackTitle "CM"]
[WhiteElo "2029"]
[BlackElo "2265"]
[WhiteFideId "34270566"]
[BlackFideId "28550820"]
[EventDate "2025.07.01"]

1. e4 d6 2. d4 g6 3. Nc3 Bg7 4. Nf3 Nf6 5. Bg5 O-O 6. Qd2 c6 7. Bh6 b5 8. Bd3 a5
9. h4 Bg4 10. Bxg7 Kxg7 11. e5 dxe5 12. dxe5 Nd5 13. h5 Bxh5 14. Rxh5 gxh5 15.
Qg5+ Kh8 16. Qf5 Nf6 17. exf6 Qxd3 18. cxd3 e6 19. Qxh5 Nd7 20. O-O-O Nxf6 21.
Qe5 Kg7 22. Qg5+ Kh8 23. Qxf6+ Kg8 24. Rh1 b4 25. Rh4 Rfd8 26. Rg4+ Kf8 27. Ne5
Ke8 28. Qxf7# 1-0

[Event "Titled Tue 1st Jul Early"]
[Site "chess.com INT"]
[Date "2025.07.01"]
[Round "5"]
[White "Hernandez Leon, Sergio"]
[Black "Mohammadi, Melika"]
[Result "1-0"]
[WhiteTitle "CM"]
[BlackTitle "WFM"]
[WhiteElo "2109"]
[BlackElo "2244"]
[WhiteFideId "2285622"]
[BlackFideId "42529271"]
[EventDate "2025.07.01"]

1. e4 d5 2. exd5 Qxd5 3. Nc3 Qd8 4. d4 Nf6 5. Nf3 g6 6. Bc4 Bg7 7. O-O O-O 8. h3
a6 9. a4 b6 10. Re1 Bb7 11. Be3 Nbd7 12. Qe2 e6 13. Rad1 Qe7 14. Ne5 Rfd8 15.
Bg5 Qb4 16. Nxf7 Re8 17. Ne5 Nxe5 18. dxe5 Nd5 19. Nxd5 exd5 20. Rxd5 Bxd5 21.
Bxd5+ Kh8 22. Bxa8 Rxe5 23. Qxe5 Bxe5 24. Rxe5 Kg7 25. Re7+ Kf8 26. Bd5 Qxb2 27.
c4 h6 28. Rf7+ Ke8 29. Bxh6 Qa1+ 30. Kh2 b5 31. axb5 axb5 32. Bg5 b4 33. f4 b3
34. Rxc7 b2 35. Bf7+ Kf8 36. Bh6# 1-0

[Event "Titled Tue 1st Jul Early"]
[Site "chess.com INT"]
[Date "2025.07.01"]
[Round "5"]
[White "Shinkarev, Mikhailo"]
[Black "Yonal, Timur"]
[Result "1-0"]
[WhiteTitle "IM"]
[BlackTitle "FM"]
[WhiteElo "2109"]
[BlackElo "2090"]
[WhiteFideId "4145348"]
[BlackFideId "44115725"]
[EventDate "2025.07.01"]

1. c4 e5 2. g3 Nf6 3. Bg2 d5 4. cxd5 Nxd5 5. Nf3 Nc6 6. O-O Be7 7. d4 e4 8. Ne5
f5 9. Nxc6 bxc6 10. Qc2 Qd6 11. Nc3 O-O 12. Nxd5 cxd5 13. Bf4 Qd7 14. Qxc7 Qxc7
15. Bxc7 Ba6 16. Rfe1 Bb4 17. Rec1 Bxe2 18. a3 Be7 19. Bf1 Bxf1 20. Kxf1 Rfc8
21. b4 Bg5 22. Rc6 Kf7 23. b5 Bf6 24. Rd1 g6 25. a4 Bd8 26. Rdc1 Bxc7 27. Rxc7+
Rxc7 28. Rxc7+ Kf6 29. Rxh7 Ke6 30. Rg7 Kf6 31. Rc7 Ke6 32. Ke2 g5 33. h4 gxh4
34. gxh4 f4 35. h5 Kd6 36. Rb7 a6 37. Rb6+ Kc7 38. Rxa6 f3+ 39. Ke3 Rg8 40. Rc6+
Kb7 41. a5 Rg1 42. a6+ Ka7 43. Rc7+ Kb6 44. Rb7+ 1-0

[Event "Titled Tue 1st Jul Early"]
[Site "chess.com INT"]
[Date "2025.07.01"]
[Round "5"]
[White "Dogan, Umut Anil"]
[Black "Nguyen Hong Nhung"]
[Result "1-0"]
[WhiteTitle "CM"]
[BlackTitle "WFM"]
[WhiteElo "2059"]
[BlackElo "2227"]
[WhiteFideId "51618060"]
[BlackFideId "12412201"]
[EventDate "2025.07.01"]

1. Nf3 f5 2. d4 Nf6 3. c4 g6 4. Nc3 Bg7 5. e4 fxe4 6. Ng5 O-O 7. Be3 d6 8. Ngxe4
Ng4 9. Bg5 Qd7 10. f3 Nf6 11. Qd2 Nc6 12. d5 Ne5 13. O-O-O Nxe4 14. Nxe4 c6 15.
h4 b5 16. h5 bxc4 17. hxg6 Nxg6 18. Bh6 Be5 19. Bxc4 cxd5 20. Bxd5+ e6 21. Bxa8
Ba6 22. Kb1 Rxa8 23. f4 Bh8 24. Qxd6 Qf7 25. Qxa6 Rb8 26. Rd2 Qf5 27. Re1 Rb6
28. Qc8+ Kf7 29. Rd7+ Ne7 30. Qxh8 1-0